[Event "Girls U20 Polish Youth Championship"]
[Site "Ustron"]
[Date "2019.11.25"]
[Round "4"]
[White "Pawicka, Magdalena"]
[Black "Czernikowska, Laura"]
[Result "1-0"]
[Board "9"]
[WhiteElo "1745"]
[WhiteCountry "POL"]
[WhiteFideId "21836507"]
[WhiteEloChange "2"]
[BlackElo "1349"]
[BlackTitle "WCM"]
[BlackCountry "POL"]
[BlackFideId "21805970"]
[BlackEloChange "-2"]

1. e4 {[%clk 1:30:58]} c5 {[%clk 1:30:46]} 2. Nf3 {[%clk 1:31:24]} e6 {[%clk
1:31:00]} 3. d4 {[%clk 1:31:48]} cxd4 {[%clk 1:30:59]} 4. Nxd4 {[%clk 1:32:13]}
Nc6 {[%clk 1:30:55]} 5. Nc3 {[%clk 1:32:34]} Nf6 {[%clk 1:30:56]} 6. Ndb5 {[%clk
1:32:53]} Bb4 {[%clk 1:31:05]} 7. a3 {[%clk 1:33:00]} Bxc3+ {[%clk 1:30:13]} 8.
Nxc3 {[%clk 1:33:16]} h6 {[%clk 1:22:24]} 9. e5 {[%clk 1:17:33]} Ng8 {[%clk
1:03:30]} 10. Nb5 {[%clk 1:13:06]} a6 {[%clk 0:58:20]} 11. Nd6+ {[%clk 1:12:48]}
Kf8 {[%clk 0:57:09]} 12. f4 {[%clk 0:55:06]} Nge7 {[%clk 0:46:14]} 13. Bd3 {[%clk
0:49:42]} b5 {[%clk 0:40:26]} 14. O-O {[%clk 0:41:53]} g6 {[%clk 0:37:35]} 15.
Be3 {[%clk 0:35:44]} Kg7 {[%clk 0:35:25]} 16. Qg4 {[%clk 0:33:06]} Nf5 {[%clk
0:33:01]} 17. Bxf5 {[%clk 0:32:02]} exf5 {[%clk 0:33:00]} 18. Nxf5+ {[%clk
0:32:18]} Kh7 {[%clk 0:32:32]} 19. Nd6 {[%clk 0:32:11]} Qe7 {[%clk 0:31:13]} 20.
Rad1 {[%clk 0:30:32]} Nb8 {[%clk 0:27:07]} 21. f5 {[%clk 0:26:35]} g5 {[%clk
0:26:44]} 22. Qe4 {[%clk 0:25:36]} f6 {[%clk 0:24:56]} 23. Qxa8 {[%clk 0:25:25]}
Qxe5 {[%clk 0:24:27]} 24. Qxb8 {[%clk 0:25:42]} Qxe3+ {[%clk 0:24:39]} 25. Kh1
{[%clk 0:26:09]} Qc5 {[%clk 0:23:58]} 26. Nxc8 {[%clk 0:26:28]} Rxc8 {[%clk
0:23:43]} 27. Rxd7+ {[%clk 0:26:49]} Kg8 {[%clk 0:23:53]} 28. Rd8+ {[%clk
0:26:52]} Rxd8 {[%clk 0:24:03]} 29. Qxd8+ {[%clk 0:27:19]} Kg7 {[%clk 0:24:18]}
30. Re1 {[%clk 0:27:38]} Kf7 {[%clk 0:23:46]} 31. Qd7+ {[%clk 0:28:02]} 1-0